000 00773 a2200229 4500
003 OSt
005 20180116192325.0
008 120215t xxu||||| |||| 00| 0 eng d
010 _a 2007934632
020 _a0960689257
040 _c0
082 _a307.120974
245 0 0 _aBlock by block :
_bJane Jacobs and the future of New York /
_c[edited by] Timothy Mennel, Jo Steffens, Christopher Klemek.
260 _aNew York :
_bMunicipal Art Society of New York,
_c2007.
300 _ap. cm.
600 _aJacobs, Jane
_d1916-2006
650 _aCity planning
650 _aInfluence (Literary, artistic, etc.
651 _aNew York (State)
_zNew York
942 _aSADA
_cBK
_k307.120974 BLO 2077
_2ddc
999 _c352154
_d352154